| 000 | 00654nam a2200253Ia 4500 | ||
|---|---|---|---|
| 003 | OSt | ||
| 005 | 20221006143948.0 | ||
| 006 | a|||||r|||| 00| 0 | ||
| 007 | ta | ||
| 008 | 221006b |||||||| |||| 00| 0 eng d | ||
| 020 |
_c _30.00 |
||
| 024 | _a10,503 | ||
| 037 | _cTextual | ||
| 040 |
_aEASL _cEASL _beng |
||
| 041 |
_2eng _aeng |
||
| 082 | _aW:(Y:6).41.N19, L1 | ||
| 100 |
_aCHEN Joseph T _9650678 |
||
| 245 | 0 | _aMay fourth movement in Shanghai | |
| 260 |
_aLeiden _bE. J. Brill _c1971 |
||
| 300 |
_a220p.. _ccm. |
||
| 490 | _v CEL | ||
| 942 |
_hW:(Y:6).41.N19, L1 _cTEXL _2CC |
||
| 999 |
_c1078589 _d1078589 |
||